| 000 | 00826cam a2200241 4500 | ||
|---|---|---|---|
| 008 | 090401t1988 xxu||||| |||| 00| 0 eng d | ||
| 020 | _a0117521248 | ||
| 035 | _a(Sirsi) u32207 | ||
| 041 | _aeng | ||
| 050 | _a711.52 | ||
| 110 |
_aUnited Kingdom _bDepartment of the Environment _9982 |
||
| 245 | _aUrban land markets in the United Kingdom: a report on government policies and programmes and their background, prepared as part of an international project for the Urban Affairs Division of the OECD | ||
| 260 |
_aLondon _bHMSO _c1988 |
||
| 300 | _a95p. : ill.,maps ; 30cm. | ||
| 350 | _a7 | ||
| 650 | _aINNER CITY REDEVELOPMENT | ||
| 650 | _aLAND MARKET | ||
| 650 | _aLAND PRICES | ||
| 650 | _aORGANISATION FOR ECONOMIC CO-OPERATION AND DEVELOPMENT | ||
| 650 | _aURBAN AREAS | ||
| 942 | _n0 | ||
| 948 | _c04/03/1997 | ||
| 999 |
_c89690 _d89690 |
||